[Event "40th Olympiad Open"]
[Site "Istanbul TUR"]
[Date "2012.09.04"]
[Round "7.32"]
[Board "1"]
[White "Amonatov, Farrukh"]
[Black "Ssegwanyi, Arthur"]
[Result "1-0"]
[WhiteTitle "GM"]
[WhiteElo "2610"]
[BlackElo "2178"]
[WhiteTeam "Tajikistan"]
[BlackTeam "Uganda"]
[WhiteFideId "14700077"]
[BlackFideId "10000100"]
[EventDate "2012.08.28"]

1. e4 e6 2. d4 d5 3. Nc3 Bb4 4. e5 Qd7 5. a3 Bxc3+ 6. bxc3 b6 7. Qg4 f5 8. Qg3
Ba6 9. Bxa6 Nxa6 10. Ne2 Kf7 11. a4 Ne7 12. h4 Rhc8 13. Nf4 c5 14. Nh5 Rg8 15.
Qd3 Nb8 16. g4 Nbc6 17. Rg1 Rac8 18. Bd2 Qc7 19. Nf4 cxd4 20. cxd4 g6 21. c3 Na5
22. Nh3 Qc6 23. Ng5+ Kg7 24. h5 Rgf8 25. Qh3 Rh8 26. Qh4 Nb3 27. Ne4 Ng8 28.
Bh6+ Nxh6 29. Qe7+ Nf7 30. h6+ Kxh6 31. Qf6 1-0

[Event "40th Olympiad Open"]
[Site "Istanbul TUR"]
[Date "2012.09.04"]
[Round "7.32"]
[Board "2"]
[White "Kawuma, Patrick"]
[Black "Djuraev, Sokhib"]
[Result "0-1"]
[WhiteTitle "CM"]
[BlackTitle "FM"]
[WhiteElo "2209"]
[BlackElo "2354"]
[WhiteTeam "Uganda"]
[BlackTeam "Tajikistan"]
[WhiteFideId "10000127"]
[BlackFideId "14201690"]
[EventDate "2012.08.28"]

1. c4 g6 2. g3 Bg7 3. Bg2 d6 4. Nc3 e5 5. e4 Ne7 6. Nge2 Be6 7. d3 Qd7 8. Be3
Bh3 9. Bxh3 Qxh3 10. Qb3 b6 11. O-O-O c5 12. Qa4+ Nbc6 13. Nd5 O-O 14. Nec3 f5
15. Nxe7+ Nxe7 16. Qd7 Rf7 17. Qxd6 f4 18. Bd2 Re8 19. Qc7 Nc8 20. Qc6 Ref8 21.
Qa4 Qg2 22. gxf4 exf4 23. Rdf1 Qf3 24. Qc2 Ne7 25. Nd5 Nc6 26. Bc3 Nd4 27. Bxd4
Bxd4 28. h4 Qh5 29. f3 Kh8 30. Qg2 Qe5 31. Rh2 Re8 32. Rfh1 Qh5 33. Qh3 Qe5 34.
Rg2 Rg8 35. Qh2 Qd6 36. Re1 Be5 37. Rg5 h6 38. Rg2 a6 39. Rd2 b5 40. Qg1 Kh7 41.
Kb1 Rb7 42. Ree2 a5 43. Qd1 Qc6 44. Qc1 b4 45. Qg1 a4 46. Qg4 Qd6 47. Rg2 Rf7
48. Rd1 Bh8 49. Rgd2 Bd4 50. Re2 Qe5 51. Rdd2 Re8 52. Rg2 Rg8 53. Rge2 Rgg7 54.
Rg2 Rf8 55. Rde2 Kg8 56. Rd2 Kh7 57. Rde2 Qd6 58. Rd2 Rgg8 59. Rde2 Rf7 60. e5
Bxe5 61. Re4 a3 62. b3 Rf5 63. Rge2 h5 64. Qh3 Rd8 65. Kc2 Bg7 66. Re6 Rxd5 67.
Rxd6 R5xd6 68. Rd2 Bc3 69. Rg2 Rxd3 70. Qe6 Rd2+ 71. Rxd2 Rxd2+ 72. Kb1 Rb2+ 73.
Kc1 Rxa2 74. Qe7+ Bg7 75. Qxc5 Rg2 0-1

[Event "40th Olympiad Open"]
[Site "Istanbul TUR"]
[Date "2012.09.04"]
[Round "7.32"]
[Board "3"]
[White "Isaev, Jamshed"]
[Black "Wanyama, Harold"]
[Result "1-0"]
[WhiteTitle "IM"]
[WhiteElo "2357"]
[BlackElo "2159"]
[WhiteTeam "Tajikistan"]
[BlackTeam "Uganda"]
[WhiteFideId "14700050"]
[BlackFideId "10000380"]
[EventDate "2012.08.28"]

1. e4 c5 2. Nf3 d6 3. d4 cxd4 4. Nxd4 Nf6 5. Nc3 a6 6. Bc4 e6 7. Bb3 Be7 8. g4
Qa5 9. Bd2 Qb6 10. Be3 Qa5 11. f3 b5 12. Qd2 Bb7 13. O-O-O Nbd7 14. g5 Nh5 15.
Kb1 Nc5 16. Nf5 exf5 17. Bxc5 b4 18. Ba4+ Kf8 19. Bxd6 Rd8 20. Bxb4 Rxd2 21.
Bxa5 Rxd1+ 22. Rxd1 Bxg5 23. Bb4+ Kg8 24. Rd7 Bc8 25. Rc7 Be6 26. exf5 Bxf5 27.
Bb3 h6 28. Bxf7+ 1-0

[Event "40th Olympiad Open"]
[Site "Istanbul TUR"]
[Date "2012.09.04"]
[Round "7.32"]
[Board "4"]
[White "Bibasa, Bob"]
[Black "Yunusov, Ilhom"]
[Result "1/2-1/2"]
[WhiteTitle "CM"]
[WhiteElo "2213"]
[BlackElo "2190"]
[WhiteTeam "Uganda"]
[BlackTeam "Tajikistan"]
[WhiteFideId "10000240"]
[BlackFideId "14700298"]
[EventDate "2012.08.28"]

1. e4 e6 2. Qe2 c5 3. d3 Nc6 4. c3 d5 5. f4 Be7 6. Nf3 Nf6 7. e5 Ng8 8. g3 Nh6
9. Bg2 Nf5 10. O-O h5 11. Bh3 a6 12. Nbd2 b6 13. Rd1 g6 14. Nf1 O-O 15. Bxf5
exf5 16. d4 cxd4 17. cxd4 Qd7 18. Ne3 Nd8 19. Bd2 Ne6 20. b4 Bb7 21. a3 Qa4 22.
Qd3 Rfc8 23. Rdc1 a5 24. Rcb1 Ba6 25. b5 Bb7 26. Ra2 Rc7 27. Nd1 Qc4 28. Qxc4
dxc4 29. Ng5 Bxg5 30. fxg5 Nxd4 31. Be3 Nf3+ 32. Kf2 Nxe5 33. Bxb6 Re7 34. Nc3
Nd3+ 35. Kf1 Rae8 36. Re2 1/2-1/2

[Event "40th Olympiad Open"]
[Site "Istanbul TUR"]
[Date "2012.09.04"]
[Round "7.33"]
[Board "1"]
[White "Collins, Sam E."]
[Black "Oatlhotse, Providence"]
[Result "1-0"]
[WhiteTitle "IM"]
[BlackTitle "CM"]
[WhiteElo "2459"]
[BlackElo "2267"]
[WhiteTeam "Ireland"]
[BlackTeam "Botswana"]
[WhiteFideId "2501198"]
[BlackFideId "11300507"]
[EventDate "2012.08.28"]

1. c4 c5 2. g3 Nc6 3. Bg2 g6 4. Nc3 Bg7 5. Nf3 d6 6. O-O e5 7. a3 a5 8. Ne1 Nge7
9. Nc2 h6 10. d3 Be6 11. Ne3 O-O 12. Ned5 f5 13. e3 Bf7 14. Bd2 Nxd5 15. cxd5
Ne7 16. e4 g5 17. Rb1 f4 18. b4 axb4 19. axb4 b6 20. bxc5 bxc5 21. Rb7 h5 22. f3
Ng6 23. Bh3 fxg3 24. hxg3 h4 25. Qe1 hxg3 26. Qxg3 Nf4 27. Bf5 Bxd5 28. Nxd5
Ne2+ 29. Kf2 Nxg3 30. Be6+ Kh8 31. Kxg3 Rf4 32. Bxf4 gxf4+ 33. Kg4 Bh6 34. Ne7
Qe8 35. Rh1 Rb8 36. Rxh6+ Kg7 1-0

[Event "40th Olympiad Open"]
[Site "Istanbul TUR"]
[Date "2012.09.04"]
[Round "7.33"]
[Board "2"]
[White "Boikanyo, Cinky"]
[Black "Griffiths, Ryan Rhys"]
[Result "0-1"]
[BlackTitle "FM"]
[WhiteElo "2037"]
[BlackElo "2362"]
[WhiteTeam "Botswana"]
[BlackTeam "Ireland"]
[WhiteFideId "11300531"]
[BlackFideId "2502054"]
[EventDate "2012.08.28"]

1. Nf3 c5 2. c4 Nc6 3. d4 cxd4 4. Nxd4 Qb6 5. Nb3 e6 6. Nc3 Nf6 7. h3 Bb4 8. Bd2
O-O 9. e3 Qd8 10. Be2 d5 11. cxd5 exd5 12. O-O Bd6 13. Nb5 Bb8 14. N3d4 a6 15.
Nxc6 bxc6 16. Nd4 Qd6 17. f4 c5 18. Nf3 Ne4 19. Be1 Re8 20. Bd3 Bb7 21. Qc2 h6
22. Rc1 Nf6 23. Bf2 d4 24. Qxc5 Qxc5 25. Rxc5 dxe3 26. Be1 Ba7 27. Rc7 e2+ 28.
Rf2 Bxf2+ 29. Kxf2 Be4 30. Bc4 Bd5 31. Bxe2 Bxa2 32. g3 a5 33. Ne5 a4 34. Bf3
Bd5 35. Be2 Reb8 36. Nd7 Nxd7 37. Rxd7 Be6 38. Rd2 Bxh3 39. Bf3 Ra6 40. g4 f5
41. Bd5+ Kh7 42. gxf5 Bxf5 43. Re2 Rd6 44. Bf3 Re6 45. Bc3 Rxe2+ 46. Kxe2 Re8+
47. Kf2 Be4 48. Bd1 Bc6 49. Bc2+ Kg8 50. Bd3 Bd5 51. Bg6 Re6 52. Bc2 Bb3 53. Bd3
g6 54. Bb1 Kf7 55. f5 gxf5 56. Bxf5 Rc6 57. Bd4 h5 58. Ke3 Be6 59. Bd3 Rc8 60.
Bb5 Bb3 61. Kf4 Rg8 62. Be2 h4 63. Bh5+ Ke6 64. Bg4+ Kd6 65. Be5+ Ke7 66. Bd4
Be6 67. Bd1 h3 68. Bc5+ Kf7 69. Bh5+ Kf6 70. Bd4+ Ke7 71. Bc5+ Kd7 72. Bd1 h2
73. Bxa4+ Kc7 74. Ke5 0-1

[Event "40th Olympiad Open"]
[Site "Istanbul TUR"]
[Date "2012.09.04"]
[Round "7.33"]
[Board "3"]
[White "Wall, Gavin"]
[Black "Khetho, Phemelo"]
[Result "1/2-1/2"]
[WhiteTitle "IM"]
[BlackTitle "FM"]
[WhiteElo "2338"]
[BlackElo "2133"]
[WhiteTeam "Ireland"]
[BlackTeam "Botswana"]
[WhiteFideId "2501244"]
[BlackFideId "11300280"]
[EventDate "2012.08.28"]

1. e4 d5 2. Nc3 dxe4 3. Nxe4 Nf6 4. Nxf6+ exf6 5. Nf3 Bd6 6. Be2 O-O 7. O-O Re8
8. b3 Bg4 9. Bb2 Nc6 10. Nd4 Bxe2 11. Nxe2 Qd7 12. Nc1 Qf5 13. Nd3 Re4 14. Re1
Rae8 15. Rxe4 Rxe4 16. f3 Re8 17. Qf1 Qh5 18. g3 Ne5 19. Bxe5 fxe5 20. Re1 f5
21. Re3 Re7 22. Qe2 Qe8 23. Kg2 b5 24. c4 c6 25. a4 bxc4 26. bxc4 c5 27. Qd1 Qb8
28. Nf2 Kf7 29. Qc2 g6 30. Nd1 Qb4 31. g4 fxg4 32. fxg4 Qb7+ 33. Re4 Re6 34. Nc3
Be7 35. Nd5 Bg5 36. Qc3 Bf4 37. Qf3 g5 38. Nxf4 Rf6 39. h4 h6 40. hxg5 hxg5 41.
d3 exf4 42. Rxf4 Qb2+ 43. Qf2 Qxf2+ 44. Rxf2 Rxf2+ 45. Kxf2 Ke6 46. a5 Ke5 47.
Ke3 a6 48. Kf3 Kd4 49. Ke2 Kc3 50. Ke3 Kb4 51. Ke4 Kxa5 52. Kf5 Kb4 53. Kxg5 a5
54. Kf5 a4 55. g5 a3 56. g6 a2 57. g7 a1=Q 58. g8=Q Qf1+ 59. Ke4 Qe2+ 60. Kd5
Qf3+ 61. Kd6 Qxd3+ 62. Kc6 Qxc4 63. Qb8+ 1/2-1/2

[Event "40th Olympiad Open"]
[Site "Istanbul TUR"]
[Date "2012.09.04"]
[Round "7.33"]
[Board "4"]
[White "Njobvu, Ignatius"]
[Black "McMahon, Daire"]
[Result "1/2-1/2"]
[WhiteTitle "CM"]
[BlackTitle "FM"]
[WhiteElo "2226"]
[BlackElo "2153"]
[WhiteTeam "Botswana"]
[BlackTeam "Ireland"]
[WhiteFideId "11300132"]
[BlackFideId "2500477"]
[EventDate "2012.08.28"]

1. d4 Nf6 2. c4 e6 3. Nf3 b6 4. g3 Bb7 5. Bg2 Be7 6. O-O O-O 7. Nc3 Ne4 8. Qc2
Nxc3 9. Qxc3 d6 10. b3 Nd7 11. Bb2 Bf6 12. Rad1 Qe7 13. Qc2 g6 14. d5 Bxb2 15.
Qxb2 e5 16. h4 h6 17. Qc2 Kg7 18. e4 Nf6 19. b4 a5 20. a3 axb4 21. axb4 c5 22.
Nd2 Ra7 23. Ra1 Rfa8 24. Rxa7 Rxa7 25. bxc5 bxc5 26. Rb1 Qc7 27. Qc3 Bc8 28. f4
Ng4 29. Bh3 f6 30. Bxg4 Bxg4 31. Kf2 Kf7 32. Rb3 Rb7 33. Ke3 Qb8 34. Rxb7+ Qxb7
35. Nb3 Bd7 36. fxe5 fxe5 37. Kf2 Ba4 38. Nd2 Bd1 39. Qa5 Qb8 40. Qb5 Qc7 41.
Ke3 Ke7 42. Qb1 Ba4 43. g4 Qa5 44. Qa1 Qb4 45. g5 hxg5 46. hxg5 Bd7 47. Kd3 Ba4
48. Qf1 Qa3+ 49. Ke2 Bc2 50. Qf6+ Kd7 51. Qe6+ Kc7 52. Qe7+ Kc8 53. Qe8+ Kb7 54.
Qc6+ Ka7 55. Qc7+ Ka8 56. Qc8+ Ka7 57. Qc7+ Ka8 58. Kf2 Qc3 59. Qc8+ Ka7 60.
Qd7+ Ka8 61. Nf3 Bxe4 1/2-1/2

[Event "40th Olympiad Open"]
[Site "Istanbul TUR"]
[Date "2012.09.04"]
[Round "7.34"]
[Board "2"]
[White "Latorre, Manuel"]
[Black "Mbedza, Richard"]
[Result "1-0"]
[WhiteTitle "FM"]
[WhiteElo "2303"]
[BlackElo "2045"]
[WhiteTeam "Paraguay"]
[BlackTeam "Malawi"]
[WhiteFideId "3700844"]
[BlackFideId "16400143"]
[EventDate "2012.08.28"]

1. d4 Nf6 2. Nf3 d5 3. c4 c6 4. e3 g6 5. Nc3 Bg7 6. Be2 O-O 7. O-O dxc4 8. Bxc4
b5 9. Bb3 a6 10. Ne5 Qb6 11. e4 e6 12. Be3 Qb7 13. Nd3 Nbd7 14. e5 Nd5 15. Ne4
Qc7 16. Qd2 Re8 17. Bh6 Bh8 18. Rac1 Qb6 19. Ndc5 Nxc5 20. Rxc5 f5 21. exf6 Nxf6
22. Re1 Nd7 23. Nd6 Nxc5 24. dxc5 Qd8 25. Qf4 Re7 26. Re2 Bd7 27. Rxe6 Bf6 28.
Rxe7+ 1-0

[Event "40th Olympiad Open"]
[Site "Istanbul TUR"]
[Date "2012.09.04"]
[Round "7.35"]
[Board "1"]
[White "Dervishi, Erald"]
[Black "Winants, Luc"]
[Result "1-0"]
[WhiteTitle "GM"]
[BlackTitle "GM"]
[WhiteElo "2538"]
[BlackElo "2543"]
[WhiteTeam "Albania"]
[BlackTeam "Belgium"]
[WhiteFideId "4700236"]
[BlackFideId "200018"]
[EventDate "2012.08.28"]

1. e4 e5 2. Nf3 Nc6 3. Bb5 a6 4. Ba4 d6 5. O-O Nf6 6. Re1 Bd7 7. c3 g6 8. d4 b5
9. Bb3 Bg7 10. h3 O-O 11. Nbd2 Re8 12. a3 Qb8 13. Bc2 Qb6 14. Nf1 Na5 15. Bg5
exd4 16. cxd4 h6 17. Bd2 Rad8 18. Qc1 Kh7 19. Ng3 Nc4 20. Bf4 c5 21. b3 Na5 22.
d5 c4 23. b4 Nb3 24. Bxb3 cxb3 25. Rb1 Rc8 26. Qd1 Rc4 27. Be3 Qc7 28. Bd4 b2
29. Rxb2 Nxe4 30. Nxe4 Rxe4 31. Rxe4 Rc1 32. Qxc1 Qxc1+ 33. Re1 Qc4 34. Rd2 Bf8
35. Re3 Qc8 36. Bf6 g5 37. Be7 Kg7 38. Bxf8+ Kxf8 39. Kh2 Qc4 40. Rd4 Qc2 41.
Rd2 Qc4 42. Nd4 Qc7 43. Nc6 Qb6 44. Rc2 Bf5 45. Rc1 Kg7 46. Kg1 Bg6 47. Rcc3 Qb7
48. Ne7 Bh7 49. Rc6 Qa7 50. Rxd6 Qd4 51. Rd7 Qa1+ 52. Kh2 Qf6 53. Nc6 Bf5 54.
Rd8 h5 55. Rf3 g4 56. hxg4 hxg4 57. Rf4 Qh4+ 58. Kg1 Qg5 59. g3 Qf6 60. Re8 Qa1+
61. Kh2 Qb1 62. Re5 Bg6 63. d6 Qd3 64. Nd4 Qf1 65. d7 Qh3+ 66. Kg1 Bd3 67. Rg5+
Kh7 68. Rgxg4 Qf1+ 69. Kh2 Be4 70. Rxf7+ 1-0

[Event "40th Olympiad Open"]
[Site "Istanbul TUR"]
[Date "2012.09.04"]
[Round "7.35"]
[Board "2"]
[White "Michiels, Bart"]
[Black "Mehmeti, Dritan"]
[Result "1/2-1/2"]
[WhiteTitle "IM"]
[BlackTitle "IM"]
[WhiteElo "2509"]
[BlackElo "2437"]
[WhiteTeam "Belgium"]
[BlackTeam "Albania"]
[WhiteFideId "202967"]
[BlackFideId "4700600"]
[EventDate "2012.08.28"]

1. d4 c5 2. d5 e5 3. e4 d6 4. Bb5+ Nd7 5. a4 Be7 6. Nf3 Nf6 7. Nc3 O-O 8. O-O
Ne8 9. Bd3 Nc7 10. Nd2 Bg5 11. Nc4 Bxc1 12. Qxc1 Qe7 13. f4 exf4 14. Qxf4 Ne5
15. Nxe5 dxe5 16. Qe3 b6 17. Bb5 Bb7 18. Rad1 Rad8 19. Bc4 Ne8 20. Nb5 a6 21.
Na3 Nd6 22. Bb3 a5 23. Nc4 Ba6 24. Nxd6 Rxd6 25. Rf2 g6 26. Qc3 f5 27. exf5 gxf5
28. Re1 e4 29. Qg3+ Kh8 30. Qc3+ Qg7 31. Qxg7+ Kxg7 32. c4 Bc8 33. Bc2 Bd7 34.
Rf4 Rg6 35. Kf2 Rff6 36. b3 Kf7 37. Rf1 Ke7 38. g3 Kd6 39. Ke3 Ke5 40. Rh4 Rh6
41. Rff4 Bc8 42. Bd1 Bd7 43. Bh5 Kd6 44. h3 Ke5 45. g4 Rfg6 46. gxf5 Rg3+ 47.
Kf2 Rxb3 48. Rxe4+ Kf6 49. Bd1 Rxh3 50. Rxh6+ Rxh6 51. Bg4 Rh2+ 52. Kg3 Ra2 53.
d6 Ra3+ 54. Kf4 Rxa4 55. Bh3 Ra3 56. Re7 Rxh3 57. Rxd7 Rh4+ 58. Ke3 Rd4 59. Rd8
Kxf5 60. d7 Ke6 61. Rb8 Kxd7 62. Rxb6 Rxc4 63. Rh6 Rd4 64. Rxh7+ Kc6 65. Rh1 a4
66. Rb1 Kd5 67. Ra1 Rh4 68. Kd2 Rh2+ 69. Kc3 Rh3+ 70. Kb2 a3+ 71. Ka2 c4 72.
Rd1+ Rd3 73. Rh1 Kc5 74. Rb1 Kd4 75. Rh1 Rb3 76. Rh4+ Kc3 77. Rh8 Kd4 78. Rh4+
Kc5 79. Rh8 Rg3 80. Rh7 Kb4 81. Rb7+ Kc3 82. Rc7 Kd3 83. Kxa3 Kc2+ 84. Ka2 c3
85. Rh7 Rg2 86. Rh3 Rd2 87. Rh1 Re2 88. Rg1 Rh2 89. Rf1 Rh8 90. Rf2+ Kd1 91.
Rf1+ Ke2 92. Rg1 Rb8 93. Rg2+ 1/2-1/2

[Event "40th Olympiad Open"]
[Site "Istanbul TUR"]
[Date "2012.09.04"]
[Round "7.35"]
[Board "3"]
[White "Pasku, Llambi"]
[Black "Ringoir, Tanguy"]
[Result "0-1"]
[BlackTitle "IM"]
[WhiteElo "2061"]
[BlackElo "2448"]
[WhiteTeam "Albania"]
[BlackTeam "Belgium"]
[WhiteFideId "4700570"]
[BlackFideId "208027"]
[EventDate "2012.08.28"]

1. d4 d5 2. Nf3 Nf6 3. e3 c6 4. Bd3 Bg4 5. Nbd2 Nbd7 6. O-O e5 7. dxe5 Nxe5 8.
Be2 Nxf3+ 9. Nxf3 Bd6 10. b3 Qc7 11. h3 Bxf3 12. Bxf3 Bh2+ 13. Kh1 Be5 14. Rb1
O-O 15. c4 Rfd8 16. Qc2 Rd7 17. b4 Rad8 18. c5 h6 19. a4 d4 20. exd4 Bxd4 21.
Ba3 Qf4 22. Bc1 Qe5 23. Ba3 Bc3 24. Rb3 Rd3 25. Rc1 Rxf3 26. gxf3 Bd2 27. Rd1
Qe6 28. Bc1 Qxh3+ 29. Kg1 Rd5 30. Bxd2 Rh5 31. Bc1 Rd5 32. f4 0-1

[Event "40th Olympiad Open"]
[Site "Istanbul TUR"]
[Date "2012.09.04"]
[Round "7.35"]
[Board "4"]
[White "Hautot, Stephane"]
[Black "Seitaj, Ilir"]
[Result "1-0"]
[WhiteTitle "IM"]
[BlackTitle "IM"]
[WhiteElo "2375"]
[BlackElo "2400"]
[WhiteTeam "Belgium"]
[BlackTeam "Albania"]
[WhiteFideId "202282"]
[BlackFideId "4700031"]
[EventDate "2012.08.28"]

1. e4 e5 2. Nf3 Nc6 3. d4 exd4 4. Bc4 Nf6 5. e5 d5 6. Bb5 Ne4 7. Nxd4 Bd7 8.
Bxc6 bxc6 9. O-O Be7 10. f3 Nc5 11. f4 Ne4 12. Nc3 Nxc3 13. bxc3 c5 14. Nb3 c4
15. Nd4 g6 16. f5 c5 17. e6 cxd4 18. exd7+ Qxd7 19. Qxd4 f6 20. Bh6 Rc8 21. Rae1
Kf7 22. Qg4 Rhd8 23. Be3 Kg7 24. Bd4 Rf8 25. Re6 Rc6 26. Rfe1 Rf7 27. h4 Bc5 28.
Bxc5 Rxc5 29. fxg6 hxg6 30. h5 g5 31. h6+ Kh8 32. Re8+ Kh7 33. R1e6 d4 34. cxd4
Rb5 35. Qe4+ f5 36. Qe3 Rb1+ 37. Kf2 Rb7 38. Qe5 1-0

[Event "40th Olympiad Open"]
[Site "Istanbul TUR"]
[Date "2012.09.04"]
[Round "7.36"]
[Board "1"]
[White "Iturrizaga, Eduardo"]
[Black "Njili, Kamel"]
[Result "1-0"]
[WhiteTitle "GM"]
[BlackTitle "FM"]
[WhiteElo "2627"]
[BlackElo "2357"]
[WhiteTeam "Venezuela"]
[BlackTeam "Tunisia"]
[WhiteFideId "3901211"]
[BlackFideId "5500869"]
[EventDate "2012.08.28"]

1. Nf3 Nf6 2. c4 e6 3. g3 a6 4. d4 b5 5. Nbd2 Bb7 6. Bg2 d6 7. O-O c5 8. dxc5
dxc5 9. b3 Nbd7 10. Bb2 Qc7 11. Qc2 Be7 12. e4 e5 13. Rfe1 O-O 14. Nh4 Rfe8 15.
Nf5 Bf8 16. Ne3 b4 17. Nd5 Nxd5 18. exd5 Nf6 19. Qf5 Bd6 20. f4 Bc8 21. Qd3 exf4
22. Bxf6 Rxe1+ 23. Rxe1 gxf6 24. Re8+ Kg7 25. gxf4 Bxf4 26. d6 Qd7 27. Rxc8 Bxd6
28. Kf1 Rxc8 29. Bh3 Qc6 30. Bxc8 Qh1+ 31. Ke2 Qxh2+ 32. Kd1 a5 33. Qh3 Qe5 34.
Bf5 h6 35. Qg2+ Kf8 36. Qd5 Qh2 37. Bg4 Bf4 38. Bh5 Qg1+ 39. Kc2 Qg8 40. Qd8+
Kg7 41. Qxg8+ Kxg8 42. Ne4 Be3 43. Nd6 1-0

[Event "40th Olympiad Open"]
[Site "Istanbul TUR"]
[Date "2012.09.04"]
[Round "7.36"]
[Board "2"]
[White "Amdouni, Zoubaier"]
[Black "Prasca Sosa, Rafael"]
[Result "1-0"]
[BlackTitle "IM"]
[WhiteElo "2305"]
[BlackElo "2415"]
[WhiteTeam "Tunisia"]
[BlackTeam "Venezuela"]
[WhiteFideId "5500419"]
[BlackFideId "3900819"]
[EventDate "2012.08.28"]

1. e4 e6 2. d4 d5 3. Nc3 Bb4 4. e5 b6 5. Qg4 Bf8 6. Nh3 Ba6 7. Bxa6 Nxa6 8. Nf4
Qd7 9. Qe2 Nb4 10. a3 Nc6 11. Be3 Nge7 12. g4 Na5 13. b3 Qc6 14. Bd2 Qb7 15. Na4
Nac6 16. Qd3 g6 17. O-O-O Nc8 18. Kb2 b5 19. Nc5 Bxc5 20. dxc5 N8e7 21. Ne2 h6
22. Bc3 a6 23. Bd4 O-O-O 24. f4 h5 25. h3 Rh7 26. c3 Rdh8 27. Ng3 hxg4 28. hxg4
Kd7 29. Rxh7 Rxh7 30. Nh5 Ng8 31. Bf2 Qb8 32. Bg3 Rh8 33. Nf6+ Nxf6 34. exf6 Qd8
35. g5 Rh3 36. Qf3 Qh8 37. f5 gxf5 38. Rxd5+ exd5 39. Qxd5+ Kc8 40. Qxc6 Qd8 41.
Bd6 Rh8 42. b4 f4 43. Qxa6+ Kd7 44. Qxb5+ c6 45. Qd3 Qe8 46. Bxf4+ Kc8 47. Qd6
Kb7 48. Qc7+ Ka8 49. Qa5+ Kb7 50. Qb6+ 1-0

[Event "40th Olympiad Open"]
[Site "Istanbul TUR"]
[Date "2012.09.04"]
[Round "7.36"]
[Board "3"]
[White "Ostos, Julio"]
[Black "Boudriga, Med Ali"]
[Result "1/2-1/2"]
[WhiteTitle "IM"]
[WhiteElo "2345"]
[BlackElo "2191"]
[WhiteTeam "Venezuela"]
[BlackTeam "Tunisia"]
[WhiteFideId "3900053"]
[BlackFideId "5500460"]
[EventDate "2012.08.28"]

1. e4 c5 2. Nf3 d6 3. Nc3 Nf6 4. e5 dxe5 5. Nxe5 Nbd7 6. Nc4 e6 7. a4 b6 8. Be2
Bb7 9. Bf3 Bxf3 10. Qxf3 a6 11. d3 Be7 12. O-O O-O 13. Bf4 Ra7 14. Ra3 Qa8 15.
Qxa8 Rfxa8 16. Rb3 Bd8 17. Re1 Rc8 18. h3 Rc6 19. g4 h6 20. Bg3 Bc7 21. Nb5 axb5
22. axb5 Nb8 23. bxc6 Nxc6 24. Bxc7 Rxc7 25. Rxb6 Nd5 26. Ra6 Nd4 27. Rea1 Nxc2
28. Ra8+ Kh7 29. R1a7 Rxa7 30. Rxa7 Ncb4 31. Rxf7 Nxd3 32. Kf1 Nf6 33. f3 Nd5
34. h4 Kg6 35. Rb7 Kf6 36. Ke2 N3f4+ 37. Kf2 Nd3+ 38. Kg3 N5f4 39. Nd2 g6 40.
Rb5 Ke5 41. b4 Ne2+ 42. Kg2 Nd4 43. Ra5 Nc6 44. Rb5 Nd4 45. Ra5 Nc6 46. Rxc5+
Nxc5 47. bxc5 Nb4 48. Ne4 Kd5 49. Nf6+ Kxc5 50. Ng8 Kd4 51. Nxh6 Nd3 52. Kg3 e5
53. h5 gxh5 54. gxh5 Nf4 55. Nf5+ Kd5 56. h6 Ke6 57. Kg4 Kf6 58. h7 Ng6 59. Nh4
Nh8 60. Nf5 Kg6 61. Nd6 Kxh7 62. Kf5 Ng6 63. Kg5 Nf4 64. Nc4 Nh3+ 1/2-1/2

[Event "40th Olympiad Open"]
[Site "Istanbul TUR"]
[Date "2012.09.04"]
[Round "7.37"]
[Board "1"]
[White "Mok, Tze-Meng"]
[Black "Gruenfeld, Yehuda"]
[Result "1/2-1/2"]
[WhiteTitle "IM"]
[BlackTitle "GM"]
[WhiteElo "2354"]
[BlackElo "2434"]
[WhiteTeam "Malaysia"]
[BlackTeam "ICSC"]
[WhiteFideId "5700329"]
[BlackFideId "2800020"]
[EventDate "2012.08.28"]

1. e4 e5 2. Nf3 Nc6 3. Bb5 f5 4. d3 fxe4 5. dxe4 Nf6 6. O-O Bc5 7. Bxc6 bxc6 8.
Nxe5 O-O 9. Nd3 Nxe4 10. Nxc5 Nxc5 11. Be3 Ne6 12. Nd2 d6 13. Ne4 Qe8 14. Qd2
Qg6 15. f3 c5 16. Ng5 Nxg5 17. Bxg5 Bb7 18. Bf4 Rf7 19. Bg3 Raf8 20. Qc3 h5 21.
Rae1 h4 22. Bxh4 Bxf3 23. Bg3 Be4 24. Rxf7 Rxf7 25. Re2 Qf5 26. Rf2 Qd5 27. Rd2
Qxa2 28. Rd1 Qa4 29. b3 Qc6 30. Rd2 Qa6 31. h3 Qf1+ 32. Kh2 Kh7 33. Qe3 Bg6 34.
Qc3 a6 35. Qe3 Qa1 36. Bf2 Rf5 37. Qg3 Qe5 38. Qxe5 Rxe5 39. g4 Re4 40. Kg3 c4
41. b4 c3 42. Rd4 Re7 43. Rc4 Bxc2 44. Rxc3 Ba4 45. Bg1 c6 46. Rd3 Rd7 47. Be3
Bb5 48. Rd2 Re7 49. Bb6 Re6 50. h4 Kg8 51. Bc7 d5 52. Bb6 Re4 1/2-1/2

[Event "40th Olympiad Open"]
[Site "Istanbul TUR"]
[Date "2012.09.04"]
[Round "7.37"]
[Board "2"]
[White "Orsag, Milan1"]
[Black "Yeoh, Li Tian"]
[Result "1-0"]
[WhiteTitle "IM"]
[WhiteElo "2405"]
[BlackElo "2258"]
[WhiteTeam "ICSC"]
[BlackTeam "Malaysia"]
[WhiteFideId "300853"]
[BlackFideId "5702895"]
[EventDate "2012.08.28"]

1. d4 d5 2. Nf3 Nf6 3. c4 c6 4. e3 Bf5 5. Nc3 e6 6. Nh4 Be4 7. f3 Bg6 8. Qb3 Qb6
9. Nxg6 hxg6 10. Bd2 Nbd7 11. O-O-O Bd6 12. h3 O-O 13. Kb1 Rac8 14. Qxb6 axb6
15. cxd5 exd5 16. g4 b5 17. Bd3 Nb6 18. Bc1 Ra8 19. h4 Ra5 20. a3 Rfa8 21. h5 g5
22. h6 Nc4 23. hxg7 Kxg7 24. e4 Bf4 25. e5 Ng8 26. Rh7+ Kf8 27. Bxf4 gxf4 28.
Bxc4 bxc4 29. Ne2 c3 30. Nxc3 Ne7 31. Rdh1 b6 32. R1h6 Ng6 33. e6 R5a7 34. exf7
Rxf7 35. Rh8+ Kg7 36. R6h7+ 1-0

[Event "40th Olympiad Open"]
[Site "Istanbul TUR"]
[Date "2012.09.04"]
[Round "7.37"]
[Board "3"]
[White "Liew, Chee-Meng-Jimmy"]
[Black "Klasan, Vladimir"]
[Result "0-1"]
[WhiteTitle "IM"]
[WhiteElo "2297"]
[BlackElo "2342"]
[WhiteTeam "Malaysia"]
[BlackTeam "ICSC"]
[WhiteFideId "5700019"]
[BlackFideId "934054"]
[EventDate "2012.08.28"]

1. d4 c5 2. d5 Nf6 3. c4 e6 4. Nc3 exd5 5. cxd5 d6 6. e4 g6 7. Nf3 a6 8. a4 Bg4
9. Be2 Bxf3 10. Bxf3 Nbd7 11. O-O Bg7 12. Bg5 O-O 13. Re1 Re8 14. Qc2 Qc7 15.
Be2 Rab8 16. Bh4 c4 17. a5 b5 18. axb6 Rxb6 19. Ra2 Reb8 20. h3 Rb4 21. Bg3 Nc5
22. e5 dxe5 23. Bxc4 Rxc4 24. Bxe5 Qe7 25. Qe2 Rbb4 26. d6 Qe6 27. Bxf6 Bxf6 28.
Qd2 Ne4 29. Qh6 Rxc3 30. bxc3 Qxa2 31. Qf4 Ra4 32. d7 Qd5 0-1